Central Library OPAC University of Rajshahi

বিজ্ঞাপন বিদ্যা / (Record no. 189)

MARC details
000 -LEADER
fixed length control field 01153nam a2200253 a 4500
001 - CONTROL NUMBER
control field 189
003 - CONTROL NUMBER IDENTIFIER
rucl marc code BD-RjUL
005 - DATE AND TIME OF LATEST TRANSACTION
control field 20211208233128.0
008 - FIXED-LENGTH DATA ELEMENTS--GENERAL INFORMATION
fixed length control field 160714r20011984ii |||| b||| 000 0 ben d
020 ## - INTERNATIONAL STANDARD BOOK NUMBER
International Standard Book Number 8124705151
Terms of availability : IRs. 50.00
035 ## - SYSTEM CONTROL NUMBER
System control number (BD-RjUL)202
040 ## - CATALOGING SOURCE
Original cataloging agency BD-RjUL
Language of cataloging ben
Transcribing agency BD-RjUL
Modifying agency BD-RjUL
041 ## - LANGUAGE CODE
Language code of text/sound track or separate title ben
082 ## - DEWEY DECIMAL CLASSIFICATION NUMBER
Edition number 23
Classification number 659.1
Author mark and year ROB 2001
100 ## - MAIN ENTRY--PERSONAL NAME
Personal name রায়চৌধুরী, অনিল কুমার
9 (RLIN) 579
245 10 - TITLE STATEMENT
Title বিজ্ঞাপন বিদ্যা /
Statement of responsibility, etc. অনিল কুমার রায়চৌধুরী, প্রভাতকুমার গোস্বামী
260 ## - PUBLICATION, DISTRIBUTION, ETC. (IMPRINT)
Place of publication, distribution, etc. কলকাতা :
Name of publisher, distributor, etc. পশ্চিমবঙ্গ রাজ্য পুস্তক পর্ষৎ ,
Date of publication, distribution, etc. ১৯৮৪ [মুদ্রণ ২০০১]
300 ## - PHYSICAL DESCRIPTION
Pagination [৮], ১০৩ পৃ. :
Illustrations চিত্র ;
Size ২৩ সেমি.
504 ## - BIBLIOGRAPHY, ETC. NOTE
Bibliography, etc গ্রন্থপঞ্জি সংযুক্ত
650 ## - SUBJECT ADDED ENTRY--TOPICAL TERM
Topical term or geographic name as entry element বিজ্ঞাপন
9 (RLIN) 393
Topical term or geographic name as entry element Advertising
9 (RLIN) 135537
700 ## - ADDED ENTRY--PERSONAL NAME
Personal name গোস্বামী, প্রভাতকুমার, যুগ্ম লেখক
942 ## - ADDED ENTRY ELEMENTS (KOHA)
Source of classification or shelving scheme Dewey Decimal Classification
Koha item type Books
Holdings
Lost status Source of classification or shelving scheme Damaged status Not for loan Collection code Permanent Location Current Location Shelving location Date acquired Source of acquisition Cost, normal purchase price Total Checkouts Full call number Date last seen Copy number Koha item type
  Dewey Decimal Classification     Non-fiction Central Library, University of Rajshahi Central Library, University of Rajshahi   19/03/2008 Paragon enterprise, Dhaka. 50.00   B 659.1 ROB 2001 14/07/2016 C-2 Books
  Dewey Decimal Classification     Non-fiction Central Library, University of Rajshahi Central Library, University of Rajshahi   16/03/2008 Paragon Enterprise Lit., Dhaka 50.00   B 659.1 ROB 2001 09/08/2016 C-3 Books
  Dewey Decimal Classification     Non-fiction Central Library, University of Rajshahi Central Library, University of Rajshahi   16/03/2008 Paragon Enterprise Lit., Dhaka 50.00   B 659.1 ROB 2001 09/08/2016 C-4 Books
  Dewey Decimal Classification   Not For Loan Non-fiction Central Library, University of Rajshahi Central Library, University of Rajshahi Reading Room 16/03/2008 Dhaka, Paragon Enterprises Ltd. 50.00   B 659.1 ROB 2001 24/12/2016 C-1 Books
  Dewey Decimal Classification     Non-fiction Central Library, University of Rajshahi Central Library, University of Rajshahi   16/03/2008 Paragogn Enterprise, Dhaka 50.00   B 659.1 ROB 2001 24/01/2017 C-5 Books